Construir el caso El arte de la jurisprudencia /

Detalles Bibliográficos
Autor principal: Kahn, Paul W.
Formato: eBook
Lenguaje:español
Publicado: Bogot:̀ Siglo del Hombre Editores, 2017
Materias:
Acceso en línea:Acceso restringido

MARC

LEADER 00000nam a22000007a 4500
005 20210503220359.0
007 cr|||| ||||
008 210503s2017 co |||||s|||| 00||0 spa d
020 |a 978-958-665-440-1 
035 |a 33228 
040 |a vLex 
090 |c 11591  |d 11591 
100 1 |a Kahn, Paul W. 
245 1 0 |a Construir el caso  |h [Recurso electrn̤ico] :  |b El arte de la jurisprudencia /  |c Paul W. Kahn 
256 |a Servicio en ln̕ea 
260 |a Bogot:̀  |b Siglo del Hombre Editores,  |c 2017 
300 |a 1 recurso electrn̤ico 
500 |a En este libro, Paul Kahn le habla simultǹeamente a estudiantes y acadm̌icos. Basǹdose en sus treinta aǫs de experiencia docente, Kahn introduce a los estudiantes en la profunda estructura narrativa de las decisiones judiciales. Al aprender a leer sentencias, los alumnos aprenden sobre la naturaleza de la argumentacin̤ jurd̕ica. El poderoso examen que hace de la interpretacin̤ jurd̕ica ofrece perspectivas innovadoras sobre la naturaleza de la creacin̤ del derecho, el desarrollo y declive de la doctrina y la construccin̤ de los hechos. 
506 1 |a Disponible solo en los productos indicados  |d vLex Global  |d vLex Global (Academic Edition, excluding Law Schools)  |d vLex Global (U.S. Academic Edition, Law Schools)  |d vLex Global (U.S. Academic Edition, excluding Law Schools)  |d vLex Global (Academic Edition, Law Schools) 
650 0 4 |a Derecho Constitucional  |z Colombia 
740 0 |a vLex Libros (Servicio en ln̕ea) 
856 4 0 |u https://vlex.com/source/construir-el-caso-el-arte-de-la-jurisprudencia-33228  |z Acceso restringido 
942 |c BOOK 
999 0 |a Constitutional right